Causa de Fernando Maximiliano de Hapsburgo (Record no. 4758)

MARC details
000 -CABECERA
campo de control de longitud fija 01099nam a2200253 a 4500
001 - NÚMERO DE CONTROL
campo de control BRCA_5064
005 - FECHA Y HORA DE LA ÚLTIMA TRANSACCIÓN
campo de control 20190320204926.0
008 - DATOS DE LONGITUD FIJA--INFORMACIÓN GENERAL
campo de control de longitud fija 081110s1868----mx-#######---#000-0#spa-#
041 ## - CÓDIGO DE LENGUA
Código de lengua del texto/banda sonora o título independiente spa
044 ## - CÓDIGO DEL PAÍS DE LA ENTIDAD EDITORA/PRODUCTORA
Código MARC del país mx
050 #4 - SIGNATURA TOPOGRÁFICA DE LA BIBLIOTECA DEL CONGRESO
Número de clasificación F1233.M3
Número de documento/Ítem .A97 1868
100 1# - ENTRADA PRINCIPAL--NOMBRE DE PERSONA
Nombre de persona Azpiroz, Manuel
9 (RLIN) 12913
245 10 - MENCIÓN DE TÍTULO
Título Causa de Fernando Maximiliano de Hapsburgo
Resto del título que se ha titulado Emperador de México y sus llamados Generales Miguel Miramon y Tomas Mejía. Sus cómplices : por delitos contra la Independencia y seguridad de la Nación, el órden y la paz pública, el derecho de gentes y las garantías individuales
Mención de responsabilidad, etc. Fiscal el C. Manuel Azpiroz ; Escribano el C. Jacinto Melendez.
260 ## - PUBLICACIÓN, DISTRIBUCIÓN, ETC.
Lugar de publicación, distribución, etc. México
Nombre del editor, distribuidor, etc. T. F. Neve
Fecha de publicación, distribución, etc. 1868
300 ## - DESCRIPCIÓN FÍSICA
Extensión 473 p.
Dimensiones 18 cm.
500 ## - NOTA GENERAL
Nota general Estado físico: encuadernación deteriorada, la portada se encuentra suelta
500 ## - NOTA GENERAL
Nota general D155
600 14 - PUNTO DE ACCESO ADICIONAL DE MATERIA--NOMBRE DE PERSONA
Nombre de persona Maximiliano de Hapsburgo
Títulos y otros términos asociados al nombre Emperador de México
Fechas asociadas al nombre 1832-1867
9 (RLIN) 12914
650 14 - PUNTO DE ACCESO ADICIONAL DE MATERIA--TÉRMINO DE MATERIA
Término de materia o nombre geográfico como elemento de entrada Intervención francesa
Subdivisión cronológica 1861-1867
9 (RLIN) 12915
651 #4 - PUNTO DE ACCESO ADICIONAL DE MATERIA--NOMBRE GEOGRÁFICO
Nombre geográfico México
Subdivisión general Historia
9 (RLIN) 614
700 1# - PUNTO DE ACCESO ADICIONAL--NOMBRE DE PERSONA
Nombre de persona Melendez, Jacinto
9 (RLIN) 12916
902 ## - CATALOGADOR
Iniciales GFM
942 ## - ELEMENTOS DE PUNTO DE ACCESO ADICIONAL (KOHA)
Fuente del sistema de clasificación o colocación Library of Congress Classification
Tipo de ítem Koha Libros
Holdings
Estado de retiro Estado de pérdida Estado dañado No para préstamo Localización permanente Ubicación/localización actual Fecha de adquisición Número de inventario Total de préstamos Signatura topográfica completa Código de barras Fecha visto por última vez Precio válido a partir de Tipo de ítem Koha
El ejemplar forma parte de la colección y puede ser consultado según las políticas vigentes.       Biblioteca del Museo Franz Mayer (Rogerio Casas-Alatriste) Biblioteca del Museo Franz Mayer (Rogerio Casas-Alatriste) 08/11/2010 D155   F1233.M3 .A97 1868 (D155) 5177 22/03/2019 22/03/2019 Libros